[Event "Krakow op-A 33rd"]
[Site "Krakow"]
[Date "2023.01.02"]
[Round "7"]
[White "Pazderski, Ziemowit"]
[Black "Alfonso Durban, Xavier"]
[Result "1-0"]
[WhiteElo "2235"]
[BlackElo "2181"]
[PlyCount "81"]
[EventDate "2022.12.27"]
[EventType "swiss"]
[EventRounds "9"]
[EventCountry "POL"]
[SourceTitle "CBM 212 Extra"]
[Source "ChessBase"]
[SourceDate "2023.03.31"]
[SourceVersion "1"]
[SourceVersionDate "2023.03.31"]
[SourceQuality "1"]

1. d4 Nf6 2. c4 e6 3. Nf3 c5 4. d5 b5 5. dxe6 fxe6 6. cxb5 d5 7. a4 a6 8. e3 Bd6 9. Nc3 0-0 10. Be2 Bb7 11. e4 Nxe4 12. Nxe4 dxe4 13. Ng5 Bd5 14. Qc2 axb5 15. Bxb5 Qf6 16. 0-0 Qg6 17. f4 Na6 18. Ra3 Nb4 19. Qe2 Nd3 20. Rxd3 exd3 21. Bxd3 Qe8 22. Bxh7+ Kh8 23. Qg4 Rf6 24. b3 Rh6 25. Bb2 Ra7 26. Bc2 Qb8 27. Qg3 c4 28. b4 Qxb4 29. Bc3 Qc5+ 30. Kh1 Kg8 31. Nf3 Rb7 32. Ne5 Qa3 33. Ng4 Rh8 34. Nf6+ Kf8 35. Qg6 Rf7 36. Nxd5 exd5 37. Qe6 Qc5 38. Bg6 Re7 39. Qf5+ Kg8 40. Bb4 Qf2 41. Qc8+ 1-0

[Event "POL-chT 2nd League"]
[Site "Jastrzebia Gora"]
[Date "2016.09.10"]
[Round "8.32"]
[White "Rozycki, Bartlomiej"]
[Black "Pazderski, Ziemowit"]
[Result "1-0"]
[WhiteElo "2140"]
[BlackElo "2263"]
[PlyCount "59"]
[EventDate "2016.09.03"]
[EventType "team-swiss"]
[EventRounds "9"]
[EventCountry "POL"]
[SourceTitle "EXT 2017"]
[Source "ChessBase"]
[SourceDate "2016.10.25"]
[SourceVersion "1"]
[SourceVersionDate "2016.10.25"]
[SourceQuality "1"]
[WhiteTeam "Chylice KS Laura"]
[BlackTeam "Zielonka Zieloni"]
[WhiteTeamCountry "POL"]
[BlackTeamCountry "POL"]

1. e4 d5 2. exd5 Qxd5 3. Nc3 Qd6 4. d4 Nf6 5. Nf3 a6 6. g3 Bg4 7. h3 Bh5 8. Bg2 Nc6 9. 0-0 e6 10. Bf4 Qb4 11. a3 Qc4 12. g4 Bg6 13. Qd2 Nd5 14. Nxd5 exd5 15. Rfe1+ Be7 16. Ne5 Nxe5 17. Rxe5 Be4 18. Bxe4 dxe4 19. Re1 Kd7 20. R1xe4 Bd6 21. b3 Qc6 22. d5 Qc5 23. Rf5 f6 24. Be3 Qxa3 25. Ra4 Qb2 26. Bd4 Qb1+ 27. Kg2 Be5 28. Bxe5 fxe5 29. Rf7+ Ke8 30. Rxc7 1-0

[Event "POL-chT 2nd League"]
[Site "Jastrzebia Gora"]
[Date "2015.09.10"]
[Round "6.56"]
[White "Tustanowski, Robert"]
[Black "Pazderski, Ziemowit"]
[Result "1-0"]
[WhiteElo "2226"]
[BlackElo "2249"]
[PlyCount "99"]
[EventDate "2015.09.05"]
[EventType "team-swiss"]
[EventRounds "9"]
[EventCountry "POL"]
[SourceTitle "EXT 2017"]
[Source "ChessBase"]
[SourceDate "2016.10.25"]
[SourceVersion "1"]
[SourceVersionDate "2016.10.25"]
[SourceQuality "1"]
[WhiteTeam "Prudnik LKS Zarzewie"]
[BlackTeam "Zielonka Zieloni"]
[WhiteTeamCountry "POL"]
[BlackTeamCountry "POL"]

1. Nf3 c5 2. e4 Nc6 3. Bb5 e6 4. Bxc6 bxc6 5. d3 Ne7 6. Qe2 Qc7 7. h4 e5 8. h5 h6 9. Nh4 Ng8 10. g4 Be7 11. Nf5 Bf6 12. Qf3 d6 13. Na3 Bxf5 14. gxf5 Ne7 15. Nc4 Nc8 16. Bd2 Nb6 17. b3 Rd8 18. Rg1 Nxc4 19. dxc4 Qb7 20. 0-0-0 Rd7 21. Rg4 d5 22. exd5 cxd5 23. cxd5 Qxd5 24. Qxd5 Rxd5 25. Be3 Rd4 26. Bxd4 exd4 27. Kd2 Kd7 28. Kd3 Kc6 29. Re1 Kd5 30. Rge4 Rc8 31. f4 Rc6 32. Re8 Ra6 33. a4 c4+ 34. bxc4+ Kc5 35. R8e5+ Kc6 36. a5 Bxe5 37. fxe5 Kd7 38. Rg1 Rxa5 39. Kxd4 f6 40. Rxg7+ Ke8 41. c5 fxe5+ 42. Kd5 e4 43. Kd6 Kf8 44. Rg6 Ra2 45. Rg2 Ra1 46. c6 Rd1+ 47. Ke5 Ke7 48. f6+ Kd8 49. f7 Rf1 50. Rg8+ 1-0

[Event "POL-chT 2nd League"]
[Site "Szczyrk"]
[Date "2014.09.14"]
[Round "9.68"]
[White "Olszynski, Kazimierz"]
[Black "Pazderski, Ziemowit"]
[Result "0-1"]
[WhiteElo "2170"]
[BlackElo "2251"]
[PlyCount "146"]
[EventDate "2014.09.06"]
[EventType "team-swiss"]
[EventRounds "9"]
[EventCountry "POL"]
[SourceTitle "EXT 2015"]
[Source "ChessBase"]
[SourceDate "2014.11.20"]
[SourceVersion "1"]
[SourceVersionDate "2014.11.20"]
[SourceQuality "1"]
[WhiteTeam "Prudnik LKS Zarzewie"]
[BlackTeam "Zielonka Zieloni"]
[WhiteTeamCountry "POL"]
[BlackTeamCountry "POL"]

1. e4 c5 2. f4 d5 3. e5 Nc6 4. Nf3 Bg4 5. Be2 e6 6. c3 Qb6 7. 0-0 Nge7 8. Na3 Nf5 9. d3 h5 10. Nc2 Be7 11. Nd2 Bxe2 12. Qxe2 g6 13. Ne3 Nh6 14. Kh1 Rc8 15. Rb1 Qa6 16. a3 b5 17. Nc2 Nf5 18. Nf3 Qb6 19. Ne3 Nh6 20. Nd1 Nf5 21. Be3 d4 22. Bf2 0-0 23. Nd2 Rfd8 24. Ne4 Rd7 25. Bg1 Qd8 26. Rf3 Kg7 27. Ndf2 Nh6 28. Rh3 Qc7 29. Rf1 Rdd8 30. Nf6 Bxf6 31. exf6+ Kxf6 32. Ne4+ Kg7 33. Nxc5 Nf5 34. Ne4 Nce7 35. Bf2 Nd5 36. Bh4 Nxh4 37. Rxh4 dxc3 38. bxc3 Nxc3 39. Qb2 Rxd3 40. Nf2 Rd4 41. Rc1 Rc4 42. Rh3 Kg8 43. Re1 Qxf4 44. Nd3 Qd6 45. Rf3 Rd4 46. Nf2 Nd1 47. Qxb5 Nxf2+ 48. Rxf2 Rd1 49. Rxd1 Qxd1+ 50. Rf1 Qd5 51. Qa4 Qc4 52. Qd1 e5 53. Re1 Qd4 54. Qb1 Qc3 55. a4 a5 56. h3 Kg7 57. Rf1 Qc4 58. Qa1 Kg8 59. Re1 Qd4 60. Qb1 Qd5 61. Rd1 Qc6 62. Re1 Re8 63. Re4 Qd5 64. Qe1 f5 65. Re2 e4 66. Qg3 Kf7 67. Rb2 Qc6 68. Qb3+ Kg7 69. Rc2 Qd7 70. Qb2+ Kh7 71. Qc1 Re7 72. Rc8 e3 73. Qc3 Qxc8 0-1

[Event "POL-chT 2nd League"]
[Site "Szczyrk"]
[Date "2014.09.10"]
[Round "5.38"]
[White "Pazderski, Ziemowit"]
[Black "Jagodzinski, Piotr"]
[Result "0-1"]
[WhiteElo "2251"]
[BlackElo "2209"]
[PlyCount "80"]
[EventDate "2014.09.06"]
[EventType "team-swiss"]
[EventRounds "9"]
[EventCountry "POL"]
[SourceTitle "EXT 2015"]
[Source "ChessBase"]
[SourceDate "2014.11.20"]
[SourceVersion "1"]
[SourceVersionDate "2014.11.20"]
[SourceQuality "1"]
[WhiteTeam "Zielonka Zieloni"]
[BlackTeam "Wroclaw AZS Politechnika"]
[WhiteTeamCountry "POL"]
[BlackTeamCountry "POL"]

1. d4 c5 2. d5 e5 3. e4 d6 4. Nc3 a6 5. a4 Be7 6. Nf3 Bg4 7. h3 Bxf3 8. Qxf3 Nd7 9. Qg3 g6 10. a5 Bh4 11. Qg4 h5 12. Qf3 Bg5 13. Bxg5 Qxg5 14. Bd3 h4 15. Nd1 Ngf6 16. Ne3 Nh5 17. Qg4 Qe7 18. Ra3 Rb8 19. Rb3 Nf4 20. Nc4 Rh5 21. Bf1 f5 22. Qd1 Nf6 23. exf5 gxf5 24. g3 Ng6 25. g4 Rg5 26. Ne3 Qc7 27. Ra3 Ne7 28. Bc4 Kd7 29. f3 Rbg8 30. Qd2 f4 31. Ng2 Nf5 32. 0-0 Ng3 33. Re1 Kc8 34. Rb3 R5g7 35. Ra1 Rf7 36. Re1 Qd7 37. Kh2 Nh7 38. Rd1 Ng5 39. Re1 Qa4 40. Bf1 Qxb3 0-1

[Event "Warsaw Najdorf Memorial op-A 11th"]
[Site "Warsaw"]
[Date "2013.08.11"]
[Round "7"]
[White "Pazderski, Ziemowit"]
[Black "Flak, Pawel"]
[Result "1-0"]
[WhiteElo "2232"]
[BlackElo "2192"]
[PlyCount "51"]
[EventDate "2013.08.05"]
[EventType "swiss"]
[EventRounds "9"]
[EventCountry "POL"]
[SourceTitle "CBM 155 Extra"]
[Source "ChessBase"]
[SourceDate "2013.08.26"]
[SourceVersion "1"]
[SourceVersionDate "2013.08.26"]
[SourceQuality "1"]

1. d4 Nf6 2. Bg5 d5 3. e3 Ne4 4. Bf4 e6 5. Bd3 c5 6. Bxe4 dxe4 7. Nc3 cxd4 8. Qxd4 Qxd4 9. exd4 Bb4 10. Nge2 f5 11. 0-0-0 0-0 12. d5 Re8 13. Nb5 Na6 14. d6 Bd7 15. Nc7 Nxc7 16. dxc7 Bc6 17. Be5 Bc5 18. Nd4 Bd5 19. b3 Kf7 20. c4 Bxd4 21. Rxd4 Bc6 22. Rhd1 g5 23. Rd8 b6 24. Rxa8 Bxa8 25. Rd7+ Kg6 26. Rd8 1-0

[Event "Warsaw Najdorf Memorial op-A 11th"]
[Site "Warsaw"]
[Date "2013.08.09"]
[Round "5"]
[White "Romanishin, Oleg M"]
[Black "Pazderski, Ziemowit"]
[Result "1-0"]
[WhiteElo "2494"]
[BlackElo "2232"]
[PlyCount "73"]
[EventDate "2013.08.05"]
[EventType "swiss"]
[EventRounds "9"]
[EventCountry "POL"]
[SourceTitle "CBM 155 Extra"]
[Source "ChessBase"]
[SourceDate "2013.08.26"]
[SourceVersion "1"]
[SourceVersionDate "2013.08.26"]
[SourceQuality "1"]

1. Nf3 Nf6 2. g3 d5 3. Bg2 g6 4. c4 Bg7 5. cxd5 0-0 6. d4 Nxd5 7. 0-0 Nb6 8. Nc3 Nc6 9. d5 Nb4 10. e4 e6 11. a3 Na6 12. Bg5 f6 13. Bc1 exd5 14. exd5 Bg4 15. Qb3 Qd7 16. Be3 Kh8 17. a4 Rab8 18. a5 Nc8 19. Nd4 Nd6 20. Ne6 Rfe8 21. Bxa7 Ra8 22. Nxg7 Kxg7 23. Bd4 Nf5 24. Qc4 Nxd4 25. Qxd4 c5 26. Qc4 Re5 27. Rfe1 Rae8 28. Rxe5 Rxe5 29. h4 h5 30. Qa4 Qd6 31. Qb5 Bc8 32. Qb6 Qd7 33. Ne4 Qe7 34. Nd6 Qd7 35. Nxc8 Qxc8 36. d6 Re6 37. Bxb7 1-0

[Event "Warsaw YMCA Spring 123rd"]
[Site "Warsaw"]
[Date "2013.04.19"]
[Round "4"]
[White "Kielar, Maciej"]
[Black "Pazderski, Ziemowit"]
[Result "1/2-1/2"]
[WhiteElo "2121"]
[BlackElo "2182"]
[PlyCount "99"]
[EventDate "2013.04.12"]
[EventType "tourn"]
[EventRounds "11"]
[EventCountry "POL"]
[SourceTitle "EXT 2014"]
[Source "ChessBase"]
[SourceDate "2013.11.20"]
[SourceVersion "1"]
[SourceVersionDate "2013.11.20"]
[SourceQuality "1"]

1. e4 c5 2. Nf3 d6 3. d4 cxd4 4. Nxd4 Nf6 5. Nc3 a6 6. Bc4 e6 7. Be3 Qc7 8. Bb3 Nbd7 9. g4 Nc5 10. f3 b5 11. g5 Nfd7 12. Qd2 Be7 13. 0-0-0 Bb7 14. Kb1 Nb6 15. Ncxb5 axb5 16. Nxb5 Qc6 17. Nxd6+ Bxd6 18. Qxd6 Nbd7 19. Qxc6 Bxc6 20. Rd6 Rc8 21. Rhd1 Nb7 22. R6d2 Ne5 23. Rf2 Ke7 24. Bd4 Rhd8 25. Kc1 f6 26. gxf6+ gxf6 27. Bxe5 fxe5 28. Rg2 Rg8 29. Rdg1 Rxg2 30. Rxg2 Rf8 31. Rg3 Rf4 32. Kd2 Rh4 33. Rg2 Rh3 34. Ke2 Na5 35. Ke3 Be8 36. c3 Bh5 37. Bd1 Nc4+ 38. Kd3 Nd6 39. Rf2 Be8 40. b3 Bc6 41. Kc2 Kd7 42. a4 Kc7 43. Be2 Kb6 44. Kb2 Bb7 45. Bf1 Rh6 46. Rd2 Kc7 47. b4 Rf6 48. Be2 Rh6 49. Bf1 Rf6 50. Be2 1/2-1/2

[Event "Lvov Euro op 1st"]
[Site "Lvov"]
[Date "2012.05.31"]
[Round "5"]
[White "Nester, Ihor"]
[Black "Pazderski, Ziemowit"]
[Result "1/2-1/2"]
[WhiteElo "2315"]
[BlackElo "2185"]
[PlyCount "60"]
[EventDate "2012.05.28"]
[EventType "swiss"]
[EventRounds "9"]
[EventCountry "UKR"]
[SourceTitle "CBM 148 Extra"]
[Source "ChessBase"]
[SourceDate "2012.06.22"]
[SourceVersion "1"]
[SourceVersionDate "2012.06.22"]
[SourceQuality "1"]

1. Nf3 d5 2. d4 Nf6 3. c4 c6 4. e3 g6 5. b3 Bg7 6. Bb2 0-0 7. Bd3 a5 8. Nc3 Re8 9. 0-0 Na6 10. cxd5 Nxd5 11. Nxd5 cxd5 12. Rc1 Nb4 13. Bb1 Nc6 14. h3 Qd6 15. Qd2 a4 16. bxa4 Rxa4 17. Qc2 Ra5 18. Qb3 Bd7 19. Rfd1 Rea8 20. Rd2 h6 21. Rc5 b6 22. Rc1 R5a6 23. Ne5 Na5 24. Qd1 b5 25. Qf3 Be8 26. e4 e6 27. exd5 exd5 28. Ba3 Qd8 29. Bc5 Nc4 30. Re2 Rf6 1/2-1/2

[Event "Lvov Euro op 1st"]
[Site "Lvov"]
[Date "2012.05.30"]
[Round "4"]
[White "Golubka, Petr"]
[Black "Pazderski, Ziemowit"]
[Result "1/2-1/2"]
[WhiteElo "2402"]
[BlackElo "2185"]
[PlyCount "61"]
[EventDate "2012.05.28"]
[EventType "swiss"]
[EventRounds "9"]
[EventCountry "UKR"]
[SourceTitle "CBM 148 Extra"]
[Source "ChessBase"]
[SourceDate "2012.06.22"]
[SourceVersion "1"]
[SourceVersionDate "2012.06.22"]
[SourceQuality "1"]

1. c4 Nf6 2. Nc3 c6 3. d4 d5 4. Nf3 dxc4 5. a4 Bf5 6. e3 e6 7. Bxc4 Nbd7 8. 0-0 Bb4 9. Qe2 Bg6 10. e4 Bxc3 11. bxc3 Nxe4 12. Ba3 Nb6 13. Rfc1 Nxc4 14. Qxc4 Qc7 15. Ne5 Nd6 16. Qc5 Ne4 17. Qc4 Nd6 18. Qb4 0-0-0 19. a5 f6 20. Nf3 Nb5 21. Bb2 Qd6 22. Qb3 e5 23. dxe5 fxe5 24. Rd1 Qf6 25. Re1 Rhe8 26. c4 Nd4 27. Nxd4 exd4 28. c5 a6 29. Rxe8 Bxe8 30. Rd1 Qe7 31. Qh3+ 1/2-1/2

[Event "Lvov Euro op 1st"]
[Site "Lvov"]
[Date "2012.05.30"]
[Round "3"]
[White "Pazderski, Ziemowit"]
[Black "Shkuran, Danylo"]
[Result "1/2-1/2"]
[WhiteElo "2185"]
[BlackElo "2350"]
[PlyCount "86"]
[EventDate "2012.05.28"]
[EventType "swiss"]
[EventRounds "9"]
[EventCountry "UKR"]
[SourceTitle "CBM 148 Extra"]
[Source "ChessBase"]
[SourceDate "2012.06.22"]
[SourceVersion "1"]
[SourceVersionDate "2012.06.22"]
[SourceQuality "1"]

1. d4 d5 2. c4 c6 3. Nf3 Nf6 4. Nc3 dxc4 5. a4 e6 6. e3 Bb4 7. Bxc4 Qa5 8. Qb3 0-0 9. 0-0 Nbd7 10. Bd2 c5 11. Rfd1 cxd4 12. exd4 b6 13. Nb5 Bxd2 14. Nxd2 a6 15. Nd6 Kh8 16. Rac1 Rb8 17. Be2 Bb7 18. N2c4 Qg5 19. Nxb7 Rxb7 20. Nd6 Ra7 21. Rc8 Kg8 22. Rxf8+ Kxf8 23. Nc8 Ra8 24. Nxb6 Nxb6 25. Qxb6 Nd5 26. Qc6 Qd8 27. Bxa6 Rb8 28. Qc2 g6 29. g3 Kg7 30. Bc4 h5 31. Qe2 Rb7 32. Bxd5 Qxd5 33. Qe5+ Qxe5 34. dxe5 Rxb2 35. Ra1 Rb6 36. a5 Ra6 37. Kg2 Kf8 38. Kf3 Ke7 39. Kf4 Kd7 40. Kg5 Kc6 41. Kf6 Kc5 42. f4 Ra7 43. a6 Kd5 1/2-1/2